Zdaňovanie príjmov spoločností v nových členských krajinách Európskej únie

Schémy zdaňovania príjmov spoločností v nových členských krajinách Európskej únie. Klasický systém. Systémy bez dvojitého zdanenia. Systémy zmierňujúce dvojité zdanenie. Daňové sadzby. Daňový základ. Najvýznamnejšie položky vplývajúce na základ dane. Porovnanie daňových režimov spoločnosti v nových...

ver descrição completa

Na minha lista:
Detalhes bibliográficos
Autor principal: Ďurinová, Ivona, 1964-
Formato: Capítulo de Livro
Idioma:eslovaco
Assuntos:
Tags: Adicionar Tag
Sem tags, seja o primeiro a adicionar uma tag!

MARC

LEADER 00000naa$a2200000$$$4500
001 0045113
005 20240502071525.0
041 0 |a slo 
044 |a SK 
245 1 0 |a Zdaňovanie príjmov spoločností v nových členských krajinách Európskej únie  |c Ivona Ďurinová 
520 |a Schémy zdaňovania príjmov spoločností v nových členských krajinách Európskej únie. Klasický systém. Systémy bez dvojitého zdanenia. Systémy zmierňujúce dvojité zdanenie. Daňové sadzby. Daňový základ. Najvýznamnejšie položky vplývajúce na základ dane. Porovnanie daňových režimov spoločnosti v nových členských krajinách EÚ. 
610 2 0 |a zdaňovanie medzinárodné 
610 2 0 |a dane z príjmov 
610 2 0 |a Európska únia 
610 2 0 |a systémy daňové 
610 2 0 |a sadzby daňové 
610 2 0 |a základ dane 
610 2 0 |a zdanenie dvojité 
100 1 |a Ďurinová, Ivona, 1964-